Top 10 Manchester City Premier League Most Assists - Statistics

General Stats
  • This quiz has been taken 624 times
    157 since last reset
  • The average score is 7 of 10
Answer Stats
Player Assists % Correct
Kevin De Bruyne 117
100%
Bernardo Silva 50
98%
David Silva 93
98%
Sergio Agüero 49
95%
Raheem Sterling 43
77%
Phil Foden 34
71%
Yaya Touré 33
68%
Riyad Mahrez 34
56%
Gabriel Jesus 29
38%
Samir Nasri 30
35%
No matching quizzes found
Score Distribution
Percent of People with Each Score
Percentile by Number Answered
Your Score History
You have not taken this quiz since the last reset